| 000 | 00934nam a22002537a 4500 | ||
|---|---|---|---|
| 005 | 20131025102710.0 | ||
| 008 | 131025b xxu||||| |||| 00| 0 eng d | ||
| 020 | _a3854284268 | ||
| 041 | _ager | ||
| 042 | _apcc | ||
| 043 | _ae-au--- | ||
| 080 | _a06.01 | ||
| 245 | 0 | 0 |
_aDimensionen, Strukturen und Bedeutung des Nonprofit Sektors : _cKarin Heitzmann. |
| 260 |
_aWien : _bService Fachverlag, _c2001. |
||
| 300 |
_a252 f. ; _c24 cm. |
||
| 490 | 1 | _aSchriftenreihe Forschungsergebnisse der Wirtschaftsuniversität Wien | |
| 504 | _aIncludes bibliographical references : f. 232-245 | ||
| 650 | 0 |
_aOrganizata jofitimprurëse _zAustri |
|
| 650 | 0 |
_aOrganizata joqeveritare _zAustri |
|
| 650 | 0 |
_aInterorganizational relations _zAustria. |
|
| 700 | _aHeitzmann, Karin | ||
| 830 | 0 | _aForschungsergebnisse der Wirtschaftsuniversität Wien. | |
| 942 |
_2udc _cBK |
||
| 999 |
_c153 _d153 |
||